| 000 | 00802nam a2200253 a 4500 | ||
|---|---|---|---|
| 001 | 000047488 | ||
| 003 | DO-SdBNP | ||
| 005 | 20230206135345.0 | ||
| 007 | ta | ||
| 008 | 180509m2017 dr gr 001 mdspa d | ||
| 020 | _a9789945131932 | ||
| 040 |
_aDO-SdBNP _bspa _cBNPHU |
||
| 082 | 4 |
_bL581h _222 |
|
| 100 | 1 |
_aNúñez, Reina Leonardo de _975109 |
|
| 245 | 1 | 0 |
_aHuellas de terciopelo / _cReina Leonardo de Núñez; prólogo, Hugo Máximo Estrella Guzmán |
| 260 |
_aSanto Domingo : _bMediabyte, _c2017 |
||
| 300 |
_a95 p. ; _c23 cm. |
||
| 500 | _aIncluye datos biográficos de la autora en la contracubierta. | ||
| 590 | _aInventariado, 2018/ YL | ||
| 650 | 4 |
_913432 _aVida Cotidiana _xTeatro |
|
| 700 | 1 |
_961610 _aEstrella Guzmán, Máximo Hugo _epról. |
|
| 910 | _aMFeliz | ||
| 942 |
_2ddc _cLBS1 |
||
| 999 |
_c46976 _d46976 |
||